Tydskrif vir die Suid-Afrikaanse Reg (Record no. 1415)

MARC details
000 -LEADER
fixed length control field 00473nam a22001577a 4500
005 - DATE AND TIME OF INPUT
control field 20240307071728.0
008 - DATA ELEMENTS--GENERAL INFORMATION
fixed length control field 240307b |||||||| |||| 00| 0 eng d
041 ## - LANGUAGE CODE
Language code of text Afrikaans / English
082 ## - SHELF NUMBER
DDC number 349 BUT
100 ## - MAIN AUTHOR
Language of a work Afrikaans / English
245 ## - TITLE STATEMENT
Title Tydskrif vir die Suid-Afrikaanse Reg
260 ## - PUBLICATION, DISTRIBUTION, ETC.
Place of publication, distribution, etc. Kaapstad :
Name of publisher, distributor, etc. Juta en Kie Bpk,
Date of publication, distribution, etc. 1980
300 ## - PHYSICAL DESCRIPTION
Other physical details 212 blaadsye ;
Dimensions 25 cm.
650 ## - SUBJECT`
Broad subject Legal practice
Own subject terms Law
942 ## - ADDED ENTRY ELEMENTS (KOHA)
Item type Series
942 ## - ADDED ENTRY ELEMENTS (KOHA)
-- ALISON_BN_VRIES
Holdings
Source of classification or shelving scheme Not for loan Collection code Home library Current library Shelving location Date acquired Full call number Barcode Price effective from Koha item type
Dewey Decimal Classification   SERIES LAW SOCIETY OF NAMIBIA LIBRARY - WINDHOEK LAW SOCIETY OF NAMIBIA LIBRARY - WINDHOEK Butterworths law reports (Labor law) 03/07/2024 349 TYD LSN/2023/699 03/07/2024 Series
Dewey Decimal Classification   SERIES LAW SOCIETY OF NAMIBIA LIBRARY - WINDHOEK LAW SOCIETY OF NAMIBIA LIBRARY - WINDHOEK Butterworths law reports (Labor law) 03/07/2024 349 TYD LSN/2023/700 03/07/2024 Series